| 000 | 00642cam a22002294a 4500 | ||
|---|---|---|---|
| 003 | UPN | ||
| 005 | 20240803063750.0 | ||
| 008 | 090127s1983 es r 000 f spa d | ||
| 020 | _a8426119778 | ||
| 035 | _aUPN01000168611 | ||
| 040 |
_aUPN _bspa _cUPN |
||
| 049 | _aCG | ||
| 050 |
_aPQ6662 I5.2 _bV5.4 |
||
| 100 | 1 |
_aLinares-Becerra, Concha, _d1940-2009 _943344 |
|
| 245 | 1 | 3 |
_aLa vida secreta de una señora : _bnovela / _cConcha Linares-Becerra. |
| 260 |
_aBarcelona, Esp. : _bJuventud, _c1983. |
||
| 300 | _a191 p. | ||
| 650 | 4 |
_aNovela española _910814 |
|
| 650 | 4 |
_aNOVELA ROMANTICA _98961 |
|
| 905 | _aLibro | ||
| 942 |
_2lcc _cLIBRO |
||
| 999 |
_c140717 _d140717 |
||